[Event "ARG-ch sf 94th"]
[Site "Buenos Aires"]
[Date "2019.04.01"]
[Round "3"]
[White "Bulcourf, Carlos"]
[Black "Aguilar Samper, Valentin"]
[Result "0-1"]
[WhiteElo "1960"]
[BlackElo "1837"]
[PlyCount "146"]
[EventDate "2019.03.30"]
[EventType "swiss"]
[EventRounds "9"]
[EventCountry "ARG"]
[SourceTitle "CBM 189 Extra"]
[Source "ChessBase"]
[SourceDate "2019.06.03"]
[SourceVersion "1"]
[SourceVersionDate "2019.06.03"]
[SourceQuality "1"]

1. Nf3 Nf6 2. b4 e6 3. Ba3 b6 4. e3 Bb7 5. c4 a5 6. b5 Bxa3 7. Nxa3 e5 8. Be2 d6 9. d4 Nbd7 10. Rc1 Qe7 11. 0-0 0-0 12. Nb1 Ne4 13. Nbd2 f5 14. Nxe4 Bxe4 15. Nd2 Rae8 16. Re1 Qg5 17. Bf3 Bxf3 18. Nxf3 Qg6 19. dxe5 Nxe5 20. Qd5+ Qf7 21. Red1 Nxf3+ 22. gxf3 f4 23. exf4 Re6 24. Rd4 Qg6+ 25. Kf1 Rf5 26. Qa8+ Re8 27. Qc6 Qh5 28. h4 Ref8 29. Ke2 Qxh4 30. Rg1 Rxf4 31. Rg4 Rxg4 32. Rxg4 Qe7+ 33. Re4 Qf7 34. f4 h6 35. Ke3 Kh8 36. Qd5 Qf6 37. Qd4 Qh4 38. Qd1 Kh7 39. Qf3 Rf6 40. Qg3 Qh1 41. Qf3 Qc1+ 42. Kd4 Qd2+ 43. Qd3 Qxf2+ 44. Kc3 Rg6 45. Re6 Qg3 46. Qxg3 Rxg3+ 47. Kd4 Rf3 48. Ke4 Rf1 49. f5 Re1+ 50. Kd5 Re5+ 51. Kc6 Rc5+ 52. Kd7 Rxc4 53. Re7 Kg8 54. a3 Rc5 55. a4 Rc4 56. Re6 Rc5 57. Re7 Rc4 58. Kc8 h5 59. Kd8 h4 60. Kd7 Kf8 61. Kd8 h3 62. Re8+ Kf7 63. Rh8 Rc3 64. Kd7 Kf6 65. Rh5 g6 66. fxg6 Kxg6 67. Rh8 Kf5 68. Rh7 Kg4 69. Ke6 Rc5 70. Kf6 Kg3 71. Rg7+ Kf2 72. Rh7 Kg2 73. Rg7+ Kh1 0-1

[Event "ARG-ch Seniors 50/65"]
[Site "Torre Blanca"]
[Date "2018.10.19"]
[Round "1"]
[White "Bulcourf, Carlos"]
[Black "Mussanti, Diego"]
[Result "0-1"]
[WhiteElo "1982"]
[BlackElo "2325"]
[PlyCount "68"]
[EventDate "2018.10.19"]
[EventType "swiss"]
[EventRounds "7"]
[EventCountry "ARG"]
[SourceTitle "CBM 187 Extra"]
[Source "ChessBase"]
[SourceDate "2018.11.04"]
[SourceVersion "1"]
[SourceVersionDate "2018.11.04"]
[SourceQuality "1"]

1. Nf3 c5 2. c3 e6 3. d4 Nf6 4. Bf4 cxd4 5. Bxb8 Rxb8 6. Qxd4 Qc7 7. e3 Bc5 8. Qh4 b5 9. Nbd2 d5 10. Qg3 Qxg3 11. hxg3 Ke7 12. Ne5 Rb6 13. Bd3 Bd6 14. Ndf3 Ne4 15. a4 bxa4 16. Rxa4 a6 17. Bxe4 dxe4 18. Nc4 Rc6 19. Nd4 Rc7 20. Nxd6 Kxd6 21. g4 g6 22. g5 Rc5 23. f4 exf3 24. Nxf3 Bb7 25. e4 Ke7 26. Kd2 Rd8+ 27. Ke3 Rb5 28. Rxh7 Rxb2 29. Ne5 Rdd2 30. Rxf7+ Ke8 31. Rxb7 Re2+ 32. Kd3 Rbd2+ 33. Kc4 Rxe4+ 34. Kb3 Rxe5 0-1

[Event "ARG-ch sf 93rd"]
[Site "Buenos Aires"]
[Date "2018.05.20"]
[Round "2"]
[White "Bulcourf, Carlos"]
[Black "Llanos, Guillermo"]
[Result "1/2-1/2"]
[WhiteElo "1972"]
[BlackElo "2303"]
[PlyCount "80"]
[EventDate "2018.05.19"]
[EventType "swiss"]
[EventRounds "9"]
[EventCountry "ARG"]
[SourceTitle "CBM 184 Extra"]
[Source "ChessBase"]
[SourceDate "2018.06.28"]
[SourceVersion "1"]
[SourceVersionDate "2018.06.28"]
[SourceQuality "1"]

1. Nf3 c5 2. c3 Nf6 3. d4 d5 4. Bf4 Nc6 5. e3 Qb6 6. Qc1 cxd4 7. exd4 Bf5 8. Na3 Nh5 9. Bb5 e6 10. 0-0 Nxf4 11. Qxf4 Bxa3 12. Bxc6+ Qxc6 13. bxa3 0-0 14. Rfc1 Qa6 15. g4 Bg6 16. h4 f6 17. h5 Be8 18. Rab1 Bc6 19. Re1 Rae8 20. h6 gxh6 21. Qxh6 Qd3 22. Qe3 Qg6 23. Kh2 Kh8 24. Rg1 Qf7 25. Rg3 e5 26. dxe5 fxe5 27. Nxe5 Qxf2+ 28. Qxf2 Rxf2+ 29. Kg1 Rxa2 30. Nxc6 bxc6 31. Rh3 Kg7 32. c4 dxc4 33. Kf1 Rf8+ 34. Ke1 Kg6 35. Rb7 a5 36. Rbxh7 Rb8 37. Rd7 Rb3 38. Rh5 Re3+ 39. Kf1 Rf3+ 40. Ke1 Rg3 1/2-1/2

[Event "Villa Martelli ProAm op 24th"]
[Site "Villa Martelli"]
[Date "2017.10.01"]
[Round "2"]
[White "Bulcourf, Carlos"]
[Black "Sanhueza, Cristian"]
[Result "0-1"]
[WhiteElo "1993"]
[BlackElo "2263"]
[PlyCount "132"]
[EventDate "2017.10.01"]
[EventType "swiss"]
[EventRounds "9"]
[EventCountry "ARG"]
[SourceTitle "CBM 181 Extra"]
[Source "ChessBase"]
[SourceDate "2017.12.12"]
[SourceVersion "1"]
[SourceVersionDate "2017.12.12"]
[SourceQuality "1"]

1. Nf3 Nc6 2. d4 d5 3. Nc3 Bf5 4. Bf4 e6 5. e3 Bd6 6. Bd3 Bxf4 7. exf4 Bg4 8. Be2 Bxf3 9. Bxf3 Nh6 10. 0-0 Qf6 11. Nb5 0-0-0 12. c4 Nf5 13. cxd5 exd5 14. Bg4 Kb8 15. Bxf5 Qxf5 16. Qa4 a6 17. Nc3 Qxf4 18. Rad1 h5 19. Ne2 Qd6 20. a3 h4 21. b4 h3 22. g3 Qf6 23. Qb3 Rhe8 24. Qd3 Re4 25. f3 Re7 26. Nf4 g5 27. Nxh3 Rde8 28. Nf2 Qg7 29. Ng4 Re6 30. Rd2 Qg6 31. Qxg6 Rxg6 32. Kf2 Rge6 33. Rfd1 Ne7 34. Ne5 Rh6 35. Kg2 Reh8 36. Ng4 Re6 37. Kg1 Ng6 38. Kf1 c6 39. Re1 Rxe1+ 40. Kxe1 Kc7 41. Re2 Kd6 42. Ne5 Nxe5 43. dxe5+ Ke6 44. f4 gxf4 45. gxf4 Kf5 46. Rf2 Rh4 47. a4 Rxf4 48. a5 Rxf2 49. Kxf2 Kxe5 50. Ke3 Kf5 51. Kd4 Kg4 52. Kc5 f5 53. Kd4 f4 54. Kd3 Kf3 55. Kd4 Kg2 56. h4 f3 57. Kc5 f2 58. Kb6 f1Q 59. h5 Qb5+ 60. Ka7 Qxb4 61. h6 Qxa5 62. h7 Qc5+ 63. Ka8 Qf8+ 64. Ka7 Kf3 65. Kb6 Kf4 66. Ka7 a5 0-1

[Event "Villa Martelli zt 2.5"]
[Site "Villa Martelli"]
[Date "2017.05.03"]
[Round "4"]
[White "Heinechen, John"]
[Black "Bulcourf, Carlos"]
[Result "1-0"]
[WhiteElo "1938"]
[BlackElo "2037"]
[PlyCount "79"]
[EventDate "2017.04.30"]
[EventType "swiss"]
[EventRounds "9"]
[EventCountry "ARG"]
[SourceTitle "CBM 178 Extra"]
[Source "ChessBase"]
[SourceDate "2017.06.22"]
[SourceVersion "1"]
[SourceVersionDate "2017.06.22"]
[SourceQuality "1"]

1. e4 Nf6 2. e5 Nd5 3. d4 d6 4. Nf3 Bg4 5. h3 Bxf3 6. Qxf3 e6 7. Bb5+ c6 8. Bc4 dxe5 9. dxe5 Qh4 10. Nd2 Nd7 11. Bxd5 cxd5 12. Qe2 Rc8 13. c3 Be7 14. g4 Bc5 15. Nf3 Qd8 16. Bg5 Be7 17. h4 Rc4 18. Nd2 Rc6 19. Bf4 b5 20. a3 a6 21. Bg3 Nb6 22. Nf3 Na4 23. Rd1 Qc8 24. 0-0 0-0 25. Nd4 Rc7 26. f4 Bc5 27. Bf2 Bxd4 28. Bxd4 Nc5 29. Bxc5 Rxc5 30. f5 Rc4 31. Rd4 Qc5 32. Qf2 exf5 33. gxf5 Rc8 34. f6 gxf6 35. Qxf6 Rc6 36. Qxf7+ Kh8 37. Qe8+ Kg7 38. e6 Rc7 39. Rf7+ Kh6 40. Qg8 1-0

[Event "Villa Martelli zt 2.5"]
[Site "Villa Martelli"]
[Date "2017.05.01"]
[Round "2"]
[White "Sica, Mauro"]
[Black "Bulcourf, Carlos"]
[Result "1-0"]
[WhiteElo "2154"]
[BlackElo "2037"]
[PlyCount "113"]
[EventDate "2017.04.30"]
[EventType "swiss"]
[EventRounds "9"]
[EventCountry "ARG"]
[SourceTitle "CBM 178 Extra"]
[Source "ChessBase"]
[SourceDate "2017.06.22"]
[SourceVersion "1"]
[SourceVersionDate "2017.06.22"]
[SourceQuality "1"]

1. d4 Nf6 2. c4 Nc6 3. Nf3 e5 4. d5 e4 5. dxc6 exf3 6. cxb7 Bxb7 7. exf3 Bb4+ 8. Nc3 0-0 9. Be2 Re8 10. 0-0 Bxc3 11. bxc3 d6 12. Bd3 Nd7 13. Rb1 Bc6 14. Re1 Qf6 15. Bd2 Ne5 16. Be4 Bxe4 17. Rxe4 Qg6 18. Kh1 Nd3 19. Rxe8+ Rxe8 20. Be3 h6 21. Kg1 Ne5 22. Rc1 c5 23. Qd5 Qe6 24. Qxe6 fxe6 25. Rb1 Nxc4 26. Rb7 a5 27. a4 Kf8 28. Kf1 Re7 29. Rb5 Kf7 30. Ke2 g5 31. g3 Rd7 32. f4 gxf4 33. Bxf4 h5 34. Kd3 Na3 35. Rb8 e5 36. Bc1 Ke6 37. Bxa3 Rf7 38. Ke3 e4 39. Bb2 Rf3+ 40. Ke2 Kd5 41. Rb6 Rd3 42. Rb5 Kc4 43. Rxa5 Kb3 44. Rb5+ Kxa4 45. Rb8 h4 46. gxh4 Rh3 47. c4 Rxh4 48. Bc3 e3 49. fxe3 Rxc4 50. Kd3 d5 51. Rd8 Rh4 52. Rxd5 c4+ 53. Kc2 Rxh2+ 54. Bd2 c3 55. Kxc3 Rh8 56. Kc2 Ra8 57. e4 1-0

[Event "Villa Martelli ProAm op 23rd"]
[Site "Villa Martelli"]
[Date "2016.11.23"]
[Round "5"]
[White "Bulcourf, Carlos"]
[Black "Sosa, Ruben"]
[Result "1-0"]
[WhiteElo "2079"]
[BlackElo "1845"]
[PlyCount "65"]
[EventDate "2016.11.20"]
[EventType "swiss"]
[EventRounds "9"]
[EventCountry "ARG"]
[SourceTitle "CBM 175 Extra"]
[Source "ChessBase"]
[SourceDate "2016.12.12"]
[SourceVersion "1"]
[SourceVersionDate "2016.12.12"]
[SourceQuality "1"]

1. b4 d6 2. c4 e5 3. e3 Bf5 4. Nc3 Nf6 5. Nf3 c6 6. Be2 Nbd7 7. d4 h6 8. 0-0 Qc7 9. Ba3 Rd8 10. Qb3 Be7 11. b5 g5 12. dxe5 Nxe5 13. Nd4 Bd7 14. f4 Neg4 15. Bxg4 Nxg4 16. Rae1 Rc8 17. Ne4 c5 18. Nf3 f5 19. Nc3 Be6 20. h3 Nf6 21. fxg5 Ne4 22. Nxe4 fxe4 23. Nd2 Qd7 24. Nxe4 Bxh3 25. gxh3 Qxh3 26. Qb2 hxg5 27. Qg2 Qe6 28. Bb2 Rh4 29. Nf6+ Bxf6 30. Rxf6 Qxc4 31. e4 Ke7 32. Qxg5 Rg8 33. Rg6+ 1-0

[Event "Buenos Aires Rubinstein Memorial 26th"]
[Site "Buenos Aires"]
[Date "2016.08.07"]
[Round "3"]
[White "Bernal, Lucas"]
[Black "Bulcourf, Carlos"]
[Result "0-1"]
[WhiteElo "1966"]
[BlackElo "2073"]
[PlyCount "70"]
[EventDate "2016.08.06"]
[EventType "swiss"]
[EventRounds "8"]
[EventCountry "ARG"]
[SourceTitle "CBM 174 Extra"]
[Source "ChessBase"]
[SourceDate "2016.10.10"]
[SourceVersion "1"]
[SourceVersionDate "2016.10.10"]
[SourceQuality "1"]

1. d4 Nf6 2. Nf3 b5 3. Bg5 Bb7 4. e3 Ne4 5. Bh4 a6 6. c4 c5 7. Nc3 Qa5 8. Qb3 e6 9. cxb5 cxd4 10. Nxd4 Bb4 11. Rc1 0-0 12. Bd3 Bxc3+ 13. bxc3 axb5 14. Qxb5 Qxa2 15. 0-0 Ba6 16. Qb1 Qxb1 17. Bxb1 Bxf1 18. Bxe4 d5 19. Bxd5 exd5 20. Kxf1 Rc8 21. Nf5 Nc6 22. Rd1 Ra5 23. Bg3 f6 24. Ke2 g6 25. Nd6 Rb8 26. c4 Rb2+ 27. Kf3 dxc4 28. Nxc4 Rf5+ 29. Bf4 Ne5+ 30. Nxe5 fxe5 31. Rd8+ Kf7 32. g4 Rf6 33. Rd7+ Ke6 34. Rxh7 exf4 35. g5 Rf7 0-1

[Event "Buenos Aires Rubinstein Memorial 26th"]
[Site "Buenos Aires"]
[Date "2016.08.06"]
[Round "1"]
[White "Bulcourf, Carlos"]
[Black "Lucero, Sergio Anibal"]
[Result "1-0"]
[WhiteElo "2073"]
[BlackElo "1592"]
[PlyCount "69"]
[EventDate "2016.08.06"]
[EventType "swiss"]
[EventRounds "8"]
[EventCountry "ARG"]
[SourceTitle "CBM 174 Extra"]
[Source "ChessBase"]
[SourceDate "2016.10.10"]
[SourceVersion "1"]
[SourceVersionDate "2016.10.10"]
[SourceQuality "1"]

1. b4 e5 2. Bb2 f6 3. a3 Nh6 4. c4 a6 5. e3 c5 6. bxc5 Bxc5 7. d4 exd4 8. Qh5+ Nf7 9. Qxc5 dxe3 10. Qxe3+ Qe7 11. Nf3 Nc6 12. Qxe7+ Nxe7 13. Nc3 0-0 14. Bd3 b6 15. Kd2 Bb7 16. Rhe1 Rfe8 17. Be4 Bxe4 18. Nxe4 Rac8 19. Rac1 Nc6 20. Bc3 Nfe5 21. Bxe5 Nxe5 22. Nxe5 Rxe5 23. Nd6 Rc6 24. Rxe5 fxe5 25. Ne4 h6 26. a4 Kf7 27. Rc3 Ke6 28. g4 Rc8 29. h4 Rf8 30. Rd3 Rf4 31. f3 h5 32. gxh5 Rxh4 33. Rd6+ Ke7 34. Rxb6 Rxh5 35. Rxa6 1-0

[Event "ARG-ch sf"]
[Site "Vicente Lopez"]
[Date "2016.06.27"]
[Round "4"]
[White "Villanueva, Mario Nicolas"]
[Black "Bulcourf, Carlos"]
[Result "1-0"]
[WhiteElo "2429"]
[BlackElo "2018"]
[PlyCount "85"]
[EventDate "2016.06.25"]
[EventType "swiss"]
[EventRounds "9"]
[EventCountry "ARG"]
[SourceTitle "CBM 173 Extra"]
[Source "ChessBase"]
[SourceDate "2016.08.29"]
[SourceVersion "1"]
[SourceVersionDate "2016.08.29"]
[SourceQuality "1"]

1. e4 Nf6 2. e5 Nd5 3. c4 Nb6 4. d4 d6 5. exd6 exd6 6. Nc3 Be7 7. Bd3 Nc6 8. Nge2 Bg4 9. f3 Bh5 10. 0-0 Bg6 11. b3 0-0 12. Bxg6 hxg6 13. d5 Nb4 14. Ne4 f5 15. N4c3 Bf6 16. Bb2 Qe7 17. Qd2 Rfe8 18. Rae1 Qe3+ 19. Qxe3 Rxe3 20. Nd1 Bxb2 21. Nxe3 Re8 22. Nd1 Be5 23. f4 Bf6 24. Nec3 Rc8 25. Re2 c6 26. dxc6 bxc6 27. Rd2 d5 28. a3 d4 29. axb4 dxc3 30. Rd3 c5 31. bxc5 Rxc5 32. Nxc3 Ra5 33. Nd5 Nxd5 34. Rxd5 Ra2 35. Rc1 Ra3 36. Rd3 Ra6 37. c5 Rc6 38. Rd6 Rxd6 39. cxd6 Kf7 40. Re1 Bd4+ 41. Kf1 Bc3 42. Re2 a5 43. d7 1-0

[Event "ARG-chT"]
[Site "Villa Martelli"]
[Date "2015.09.26"]
[Round "5.6"]
[White "Bulcourf, Carlos"]
[Black "Ruperez, Miguel Angel"]
[Result "0-1"]
[WhiteElo "1978"]
[BlackElo "2182"]
[PlyCount "131"]
[EventDate "2015.08.29"]
[EventType "team-swiss"]
[EventRounds "9"]
[EventCountry "ARG"]
[SourceTitle "EXT 2017"]
[Source "ChessBase"]
[SourceDate "2016.10.25"]
[SourceVersion "1"]
[SourceVersionDate "2016.10.25"]
[SourceQuality "1"]
[WhiteTeam "Vte Lopez University"]
[BlackTeam "Ventajedrez Plastigal"]
[WhiteTeamCountry "ARG"]
[BlackTeamCountry "ARG"]

1. Nf3 c5 2. c3 d5 3. d4 Nf6 4. Bf4 Qb6 5. Qb3 c4 6. Qxb6 axb6 7. Bxb8 Rxb8 8. Ne5 e6 9. Nd2 b5 10. a3 Bd6 11. g3 0-0 12. Bg2 Ne8 13. e4 f6 14. Nef3 dxe4 15. Nxe4 Be7 16. 0-0 Nc7 17. Rfe1 Nd5 18. Nc5 Kf7 19. Nd2 b6 20. Nxe6 Bxe6 21. Rxe6 Kxe6 22. Re1+ Kd6 23. Bxd5 Kxd5 24. Rxe7 Rfe8 25. Rd7+ Kc6 26. Rxg7 Re2 27. d5+ Kxd5 28. Kf1 Rbe8 29. Rxh7 Kd6 30. Nf3 Rxb2 31. Nd4 Re4 32. Nf5+ Ke6 33. Rh5 Kd7 34. Rh7+ Kd8 35. Rh8+ Re8 36. Rh4 Rc2 37. Nd6 Rxc3 38. Nxb5 Rc1+ 39. Kg2 Re5 40. a4 Rc5 41. Rd4+ Ke7 42. Re4+ Kd7 43. Rd4+ Kc8 44. Rd6 c3 45. Nxc3 R1xc3 46. Rxf6 Rc6 47. Rf8+ Kd7 48. h4 R3c4 49. h5 Ke7 50. Ra8 Rh6 51. Ra6 Rxh5 52. Rxb6 Rxa4 53. f4 Rc5 54. Kh3 Rc3 55. Kh4 Raa3 56. g4 Rf3 57. Kg5 Ra4 58. Rb7+ Ke8 59. Rb8+ Ke7 60. Rb7+ Kd6 61. Rb6+ Ke7 62. Rf6 Kd7 63. Rf7+ Ke6 64. Rf6+ Ke7 65. Rf5 Re4 66. Rf6 0-1

[Event "ARG-chT"]
[Site "Villa Martelli"]
[Date "2015.08.29"]
[Round "1.3"]
[White "Rodriguez Vila, Andres"]
[Black "Bulcourf, Carlos"]
[Result "1-0"]
[WhiteElo "2468"]
[BlackElo "1978"]
[PlyCount "49"]
[EventDate "2015.08.29"]
[EventType "team-swiss"]
[EventRounds "9"]
[EventCountry "ARG"]
[SourceTitle "EXT 2017"]
[Source "ChessBase"]
[SourceDate "2016.10.25"]
[SourceVersion "1"]
[SourceVersionDate "2016.10.25"]
[SourceQuality "1"]
[WhiteTeam "Republica Martelli"]
[BlackTeam "Vte Lopez University"]
[WhiteTeamCountry "ARG"]
[BlackTeamCountry "ARG"]

1. e4 Nf6 2. d3 d5 3. e5 Ng4 4. Nf3 h5 5. Be2 c5 6. 0-0 Nc6 7. Bf4 g6 8. Re1 e6 9. Bf1 Be7 10. Qd2 Nd4 11. Nxd4 cxd4 12. h3 g5 13. hxg4 gxf4 14. Qxf4 hxg4 15. Qxg4 Qb6 16. Nd2 Bd7 17. Nb3 Bc5 18. Rac1 Rc8 19. Qg7 Rf8 20. Be2 a5 21. Bh5 Bb4 22. c3 dxc3 23. bxc3 Bxc3 24. Re3 a4 25. Rf3 1-0

[Event "Latin Cup-A 6th"]
[Site "Buenos Aires"]
[Date "2015.03.23"]
[Round "6"]
[White "Carraro, Denise"]
[Black "Bulcourf, Carlos"]
[Result "1-0"]
[WhiteElo "2099"]
[BlackElo "1980"]
[PlyCount "65"]
[EventDate "2015.03.19"]
[EventType "swiss"]
[EventRounds "9"]
[EventCountry "ARG"]
[SourceTitle "CBM 165 Extra"]
[Source "ChessBase"]
[SourceDate "2015.04.21"]
[SourceVersion "1"]
[SourceVersionDate "2015.04.21"]
[SourceQuality "1"]

1. Nf3 b5 2. g3 Bb7 3. Bg2 c5 4. d3 e6 5. 0-0 Nc6 6. e4 Be7 7. Re1 Nf6 8. e5 Nd5 9. c4 Nc7 10. Nc3 Nd4 11. Nxd4 Bxg2 12. Kxg2 cxd4 13. Nxb5 Nxb5 14. cxb5 0-0 15. Qg4 f5 16. Qxd4 Qa5 17. Be3 Qxb5 18. Rec1 Qb7+ 19. Kg1 g5 20. Rc2 Rad8 21. f4 gxf4 22. Bxf4 Rc8 23. Rac1 Rxc2 24. Rxc2 Bd8 25. Qf2 Qa6 26. Be3 Qxd3 27. Bxa7 f4 28. Qe2 Qf5 29. g4 Qg6 30. Rc3 Qb1+ 31. Kg2 Qxa2 32. Bc5 f3+ 33. Rxf3 1-0

[Event "ARG-chT"]
[Site "Villa Martelli"]
[Date "2014.09.27"]
[Round "5.2"]
[White "Cristal, Ariel"]
[Black "Bulcourf, Carlos"]
[Result "0-1"]
[WhiteElo "1834"]
[BlackElo "2050"]
[PlyCount "32"]
[EventDate "2014.08.30"]
[EventType "team-tourn"]
[EventRounds "9"]
[EventCountry "ARG"]
[SourceTitle "EXT 2015"]
[Source "ChessBase"]
[SourceDate "2014.11.20"]
[SourceVersion "1"]
[SourceVersionDate "2014.11.20"]
[SourceQuality "1"]
[WhiteTeam "La Torre del Castillo"]
[BlackTeam "San Isidro"]
[WhiteTeamCountry "ARG"]
[BlackTeamCountry "ARG"]

1. e4 Nf6 2. e5 Nd5 3. c4 Nb6 4. c5 Nd5 5. Bc4 c6 6. Qe2 Qa5 7. Nc3 Qxc5 8. Ne4 Qa5 9. Nf3 Nf4 10. Qf1 d5 11. exd6 exd6 12. Nc3 d5 13. Bb3 Bf5 14. d4 Bd3 15. Qg1 Ne2 16. Qf1 Nxc1 0-1